Attori i cui film incassato di più nella storia del cinema - Statistics

Statistiche generali
  • Questo quiz è stato fatto 135 volte
  • Il punteggio medio è 4 su 10
Statistiche sulle risposte
Incassi totali ($) Numero di film Film col maggior incasso Attore / Attrice % Corretto
14 315 312 353 66 Avengers: Endgame Robert Downey Jr.
86%
13 377 890 989 29 Top Gun: Maverick Tom Cruise
83%
12 091 844 410 43 Avengers: Endgame Chris Evans
67%
15 187 811 191 52 Avengers: Endgame Scarlett Johansson
64%
12 082 125 179 27 Avengers: Endgame Chris Hemsworth
52%
14 136 190 397 23 Avengers: Endgame Chris Pratt
30%
14 254 606 626 31 Avatar Zoe Saldaña
25%
14 607 263 211 66 Avengers: Endgame Samuel L. Jackson
20%
11 417 543 887 28 Avengers: Endgame Bradley Cooper
5%
12 091 815 726 28 Avengers: Endgame Vin Diesel
5%
Nessun quiz corrispondente trovato
Distribuzione punteggi
Percentuale di utenti per punteggio
Percentile per numero di risposta
I tuoi punteggi nel tempo
Non hai fatto questo quiz